| 000 | 00591nam a2200193 i 4500 | ||
|---|---|---|---|
| 001 | 146632 | ||
| 003 | ES-MaACL | ||
| 005 | 20230906201618.0 | ||
| 007 | t| | ||
| 008 | 070913s1924 it ||||1| ita d | ||
| 100 | 1 |
_aTrevisani, Girolamo. _9111354 |
|
| 245 | 1 | 0 |
_aPollicoltura _b: XII edizione, con appendice sull'allevamento industriale dell'anatra / _cGirolamo Trevisani. |
| 260 |
_aMilano : _b[s.n.], _c1924 ( _fTip. Sociale) |
||
| 300 |
_aXX, 328 p. ; _c15 cm. |
||
| 490 | 1 | _aManuali Hoepli | |
| 830 | 0 |
_aManuali Hoepli _9180782 |
|
| 852 |
_aES-MaACL _jF-4552 |
||
| 999 |
_c146632 _d146632 |
||